| 000 | 00518nam a2200157Ia 4500 | ||
|---|---|---|---|
| 008 | 210716s2002 xx 000 0 und d | ||
| 020 | _a8125912029 | ||
| 041 | _aeng | ||
| 082 | _a005.1331 LITM | ||
| 100 | _aLitvin, Maria; Litvin, Gary. | ||
| 245 |
_aC++ for you ++: an introduction to programming and computer science. _bIntroduction to programming and computer science. |
||
| 250 | _a1 | ||
| 260 |
_aNew Delhi _bVikas Publishing House Pvt Ltd _c2002 |
||
| 300 | _axviii,IHS-20,A&S-11 | ||
| 650 | _aC++ Progamming | ||
| 999 |
_c185973 _d185973 |
||